| 000 | nam a22 a 4500 | ||
|---|---|---|---|
| 999 |
_c188059 _d188059 |
||
| 003 | BLK | ||
| 005 | 20220722142100.0 | ||
| 008 | 180411b bul|||||r ||||||| ||bul|| | ||
| 010 | _aKNG00197077000 | ||
| 040 | _aBLK | ||
| 041 |
_aBUL _cBUL |
||
| 080 |
_aИстория на балканските държави _b94(497) _z94(497) |
||
| 080 |
_aПериод на феодализма в българските земи (VII век -I пол. на XVIII век) _b94(497.2)"06/17" _z94(497.2)"06/17" |
||
| 080 |
_aПериод на кризата на феодализма, зараждане на капиталистически отношения. Възраждане на българския народ (II пол. на ХVIII в. - 1878 г.) _b94(497.2)"1750/1878" _z94(497.2)"1750/1878" |
||
| 100 | 1 |
_aТодоров, Николай Тодоров _eпърви автор _9377215 |
|
| 139 |
_aТодоров, Николай Тодоров _bТ 64 |
||
| 245 | 1 | 0 |
_aБалканският град XV - XIX в. : Соц.-икон. и демогр. развитие _bИзследване _cНиколай Тодоров Тодоров. |
| 257 | _aBGR | ||
| 260 |
_aСофия _bНаука и изкуство _c1972 |
||
| 300 |
_a504 с. _bс табл., факс., 24 л. ил. и факс. _c25 см |
||
| 380 | _a9 | ||
| 500 | _aАвт. не е даден на кор. - 2 097 тир. - Библиогр. с. 436-465 ; Рез. на фр. ез. | ||
| 650 | 4 |
_aБалкански държави - история _9250143 |
|
| 650 | 4 |
_aГрадове _9278243 |
|
| 653 | _aградове | ||
| 653 | _aбалкански държави | ||
| 852 | _aЦб 64870 | ||
| 856 | 4 | _qpdf | |
| 856 | 4 | _qpdf | |
| 942 |
_cKNG _n0 _02 _s1 |
||
| 944 |
_aCR _c30.11.2016 _kРадостина_Карадакова |
||
| 944 |
_aED _c2022-07-22 _kир |
||
| 999 | _d188059 | ||